扬州市地图 Yangzhou Map Quiz - Statistics

General Stats
  • This quiz has been taken 39 times
  • The average score is 5 of 6
Answers on the Map
Answers color-coded by a green-red scale on the quiz's map according to % correct below.
 
Answer Stats
Answer % Correct
高邮市
97%
江都区
87%
邗江区
87%
广陵区
82%
宝应县
76%
仪征市
74%
No matching quizzes found
Score Distribution
Percent of People with Each Score
Percentile by Number Answered
Your Score History
You have not taken this quiz